<?xml version="1.0" encoding="UTF-8"?>
<record
    xmlns:xsi="http://www.w3.org/2001/XMLSchema-instance"
    xsi:schemaLocation="http://www.loc.gov/MARC21/slim http://www.loc.gov/standards/marcxml/schema/MARC21slim.xsd"
    xmlns="http://www.loc.gov/MARC21/slim">

  <leader>03842nam a2200553Ia 4500</leader>
  <controlfield tag="001">1564</controlfield>
  <controlfield tag="008">241029s9999    xx            000 0 und d</controlfield>
  <datafield tag="010" ind1=" " ind2=" ">
    <subfield code="a">1460</subfield>
  </datafield>
  <datafield tag="041" ind1=" " ind2=" ">
    <subfield code="a">Espa&#xF1;ol</subfield>
  </datafield>
  <datafield tag="082" ind1=" " ind2=" ">
    <subfield code="a">ST MA-ASE 0006 FH 2000</subfield>
  </datafield>
  <datafield tag="245" ind1=" " ind2="0">
    <subfield code="a">Desempe&#xF1;o administrativo y acad&#xE9;mico de los directores de colegios, amparados por la SEEC para funcionar en el Nivel B&#xE1;sico, pertenecientes a la Regional Educativa 10, de Santo Domingo.</subfield>
  </datafield>
  <datafield tag="260" ind1=" " ind2=" ">
    <subfield code="a">Santo Domingo</subfield>
  </datafield>
  <datafield tag="300" ind1=" " ind2=" ">
    <subfield code="a">77</subfield>
  </datafield>
  <datafield tag="520" ind1=" " ind2=" ">
    <subfield code="a">21</subfield>
  </datafield>
  <datafield tag="630" ind1=" " ind2=" ">
    <subfield code="a">Ciclos Acad&#xE9;micos</subfield>
  </datafield>
  <datafield tag="630" ind1=" " ind2=" ">
    <subfield code="a">Desempe&#xF1;o Docente</subfield>
  </datafield>
  <datafield tag="630" ind1=" " ind2=" ">
    <subfield code="a">Directores de Centro</subfield>
  </datafield>
  <datafield tag="630" ind1=" " ind2=" ">
    <subfield code="a">Educaci&#xF3;n</subfield>
  </datafield>
  <datafield tag="650" ind1=" " ind2=" ">
    <subfield code="a">Calidad Docente</subfield>
  </datafield>
  <datafield tag="690" ind1=" " ind2=" ">
    <subfield code="a">Elaborado</subfield>
  </datafield>
  <datafield tag="700" ind1=" " ind2=" ">
    <subfield code="e">asesor</subfield>
    <subfield code="a">Dom&#xED;nguez, Luis</subfield>
  </datafield>
  <datafield tag="700" ind1=" " ind2=" ">
    <subfield code="e">autor</subfield>
    <subfield code="a">Reyes Reyes, H&#xE9;ctor Bienvenido </subfield>
  </datafield>
  <datafield tag="901" ind1=" " ind2=" ">
    <subfield code="a">{"1":"Reyes Reyes"}</subfield>
    <subfield code="b">{"1":"H&#xE9;ctor Bienvenido "}</subfield>
  </datafield>
  <datafield tag="902" ind1=" " ind2=" ">
    <subfield code="a">1</subfield>
  </datafield>
  <datafield tag="903" ind1=" " ind2=" ">
    <subfield code="a">{"1":"Dom&#xED;nguez"}</subfield>
    <subfield code="b">{"1":"Luis"}</subfield>
  </datafield>
  <datafield tag="904" ind1=" " ind2=" ">
    <subfield code="a">Maestr&#xED;a en</subfield>
  </datafield>
  <datafield tag="905" ind1=" " ind2=" ">
    <subfield code="a">Administraci&#xF3;n y Supervisi&#xF3;n Educativa</subfield>
  </datafield>
  <datafield tag="906" ind1=" " ind2=" ">
    <subfield code="a">1</subfield>
  </datafield>
  <datafield tag="907" ind1=" " ind2=" ">
    <subfield code="a">Concentraci&#xF3;n en</subfield>
  </datafield>
  <datafield tag="908" ind1=" " ind2=" ">
    <subfield code="a">Administraci&#xF3;n</subfield>
  </datafield>
  <datafield tag="909" ind1=" " ind2=" ">
    <subfield code="a">Universidad Aut&#xF3;noma de Santo Domingo (UASD)</subfield>
  </datafield>
  <datafield tag="910" ind1=" " ind2=" ">
    <subfield code="a">NULL</subfield>
    <subfield code="b">NULL</subfield>
  </datafield>
  <datafield tag="911" ind1=" " ind2=" ">
    <subfield code="a">["1"]</subfield>
  </datafield>
  <datafield tag="912" ind1=" " ind2=" ">
    <subfield code="a">NO APLICA</subfield>
  </datafield>
  <datafield tag="913" ind1=" " ind2=" ">
    <subfield code="a">NULL</subfield>
  </datafield>
  <datafield tag="914" ind1=" " ind2=" ">
    <subfield code="a">06 de Marzo de 2000</subfield>
  </datafield>
  <datafield tag="915" ind1=" " ind2=" ">
    <subfield code="a">28/11/19 03:11</subfield>
  </datafield>
  <datafield tag="916" ind1=" " ind2=" ">
    <subfield code="a">NULL</subfield>
  </datafield>
  <datafield tag="917" ind1=" " ind2=" ">
    <subfield code="a">NULL</subfield>
  </datafield>
  <datafield tag="918" ind1=" " ind2=" ">
    <subfield code="a">NO APLICA</subfield>
  </datafield>
  <datafield tag="919" ind1=" " ind2=" ">
    <subfield code="a">["34","62","203","72"]</subfield>
  </datafield>
  <datafield tag="520" ind1=" " ind2=" ">
    <subfield code="a">La iniciativa de investigar sobre este tema, se debi&#xF3; a varias inquietudes y motivaci&#xF3;n a indagar las razones por las cuales durante tantos a&#xF1;os, muchos colegios no hab&#xED;an alcanzado su desarrollo como para lograr su autorizaci&#xF3;n de reconocimiento por parte de la SEEC y que, por v&#xED;a de consecuencia, al a&#xF1;o 2000, permanezcan como amparados. El prop&#xF3;sito de la investigaci&#xF3;n consisti&#xF3; en determinar las causas que han influido en los colegios como para no alcanzar ser autorizados.En este estudio de investigaci&#xF3;n se utiliz&#xF3; el dise&#xF1;o descriptivo-exploratorio, el cual cont&#xF3; de un trabajo de campo e investigaci&#xF3;n documental. Se utiliz&#xF3; como instrumento de recolecci&#xF3;n de datos un cuestionario. Se trabaj&#xF3; con una poblaci&#xF3;n constituida por ciento dos (102) colegios.Entre los principales resultados del estudio, se destaca que los colegios, en su gran mayor&#xED;a, re&#xFA;nen las condiciones f&#xED;sicas y ambientales requeridas para funcionar en un 89%. La ense&#xF1;anza es bien aprovechada en estos centros educativos por los alumnos, aunque no sea de la mejor calidad. Debido a que all&#xED;, la docencia no es interrumpida por cualquier motivo, lo que le da el car&#xE1;cter de credibilidad a la poblaci&#xF3;n para continuar enviando a sus hijos a educarse en esos colegios, muy a pesar de que ignoran que no cuentan con autorizaci&#xF3;n para funcionar por parte de la Secretar&#xED;a de Educaci&#xF3;n. En opini&#xF3;n de los directores, los colegios cumplen con las condiciones para ser autorizados para operar con legalidad. Sin embargo, s&#xF3;lo un 50% de los ochenta (80) requeridos en recursos humanos para ser calificados para impartir clases, poseen titulaci&#xF3;n.La investigaci&#xF3;n sugiere que la Secretar&#xED;a de Estado de Educaci&#xF3;n, a trav&#xE9;s del Departamento de Colegios Privados, supervise m&#xE1;s el funcionamiento de los colegios, a los fines de garantizar el fiel cumplimiento en la aplicaci&#xF3;n de todas las disposiciones legales. Que al momento de autorizar la apertura de un colegio, el departamento encargado de evaluar los centros educativos, tome muy en cuenta que &#xE9;ste re&#xFA;na las condiciones y cumpla con los requisitos del 80% establecido para recibir autorizaci&#xF3;n para poder ofertar ense&#xF1;anza. Se propone, adem&#xE1;s, ampliar la cobertura del Programa de Apoyo a Colegios Privados de Escasos Recursos.</subfield>
  </datafield>
  <datafield tag="921" ind1=" " ind2=" ">
    <subfield code="a">16</subfield>
  </datafield>
  <datafield tag="922" ind1=" " ind2=" ">
    <subfield code="a">16</subfield>
  </datafield>
  <datafield tag="923" ind1=" " ind2=" ">
    <subfield code="a">0</subfield>
  </datafield>
  <datafield tag="924" ind1=" " ind2=" ">
    <subfield code="a">NO APLICA</subfield>
  </datafield>
  <datafield tag="942" ind1=" " ind2=" ">
    <subfield code="c">Tesis</subfield>
  </datafield>
  <datafield tag="999" ind1=" " ind2=" ">
    <subfield code="c">1460</subfield>
    <subfield code="d">1460</subfield>
  </datafield>
</record>
